000 00812nam a2200205 a 4500
003 0
005 20250317154940.0
008 071127s19uu xx 00 eng d
050 _aPGS LB 1576.U84
_b.K49 2007
100 _aKim, Sung Hyun.
245 _aUsers evaluation of "start, move, fly" English books as an instruction tool /
_cSung Hyun Kim.
260 _aLas PiƱas City, Philippines :
_bSouthville International School and Colleges,
_c2007.
300 _a23 pages :
_billustrations ;
_c28 cm.
504 _aIncludes bibliographic references.
650 _aEnglish language
_vStudy and teaching
_vEvaluation.
650 _aEnglish language
_vStudy and teaching (Elementary).
650 _aEnglish language
_vTextbooks
_vEvaluation.
650 _aInstructional materials
_vEvaluation.
942 _2lcc
_cPASS
999 _c97736
_d97736